Los pueblos indígenas de Colombia 1997. (Registro nro. 20604)
[ vista simple ]
| 000 -CABECERA | |
|---|---|
| Campo de control | 00989nam a22002777a 4500 |
| 005 - FECHA Y HORA DE LA ULTIMA TRANSACCION | |
| Campo de control | 20191122050001.0 |
| 008 - ELEMENTOS DE LONGITUD FIJA—INFORMACION GENERAL | |
| Campo de control | 191120b xxu||||| |||| 00| 0 spa d |
| 020 ## - ISBN | |
| ISBN | 9586017818 |
| 040 ## - FUENTE DE CATALOGACIÓN | |
| Agencia catalogadora original | CO-BoIAVH |
| Agencia transcriptora | CO-BoIAVH |
| 041 ## - IDIOMA | |
| Código de idioma para texto/pista de sonido o título separado | Español |
| 044 ## - PAÍS DE PUBLICACIÓN | |
| País de publicación | Colombia |
| 082 ## - NUMERO DE CLASIFICACION DECIMAL DEWEY | |
| Número de clasificación | 305.898 |
| Número del ítem | Ar14p |
| 100 ## - ASIENTO PRINCIPAL--NOMBRE PERSONAL | |
| 9 (RLIN) | 102021 |
| Nombre personal | Arango, Raúl |
| 245 14 - MENCION DE TITULO | |
| Título | Los pueblos indígenas de Colombia 1997. |
| Parte restante del título | Desarrollo y territorio. |
| 250 ## - MENCION DE EDICION | |
| Mención de edición | Primera edición |
| 260 ## - PUBLICACION, DISTRIBUCION, ETC. (PIE DE IMPRENTA) | |
| Lugar de publicación, distribución, etc. | Bogotá: |
| Nombre del editor, distribuidor, etc. | Tercer Mundo Editores, |
| Fecha de publicación, distribución, etc. | 1998. |
| 300 ## - DESCRIPCION FISICA | |
| Extensión | 334 Páginas: |
| Otros detalles físicos | tablas y mapas, |
| Dimensiones | 24 x 20 cm. |
| 650 #0 - ASIENTO SECUNDARIO DE MATERIA - TERMINO TEMATICO | |
| 9 (RLIN) | 36729 |
| Término temático o nombre geográfico como elemento de entrada | Pueblos indígenas |
| Subdivisión general | Aspectos sociales |
| 650 #0 - ASIENTO SECUNDARIO DE MATERIA - TERMINO TEMATICO | |
| 9 (RLIN) | 1805 |
| Término temático o nombre geográfico como elemento de entrada | Comunidades indígenas |
| 650 #0 - ASIENTO SECUNDARIO DE MATERIA - TERMINO TEMATICO | |
| 9 (RLIN) | 102023 |
| Término temático o nombre geográfico como elemento de entrada | derechos territoriales |
| 650 #0 - ASIENTO SECUNDARIO DE MATERIA - TERMINO TEMATICO | |
| 9 (RLIN) | 102025 |
| Término temático o nombre geográfico como elemento de entrada | Políticas de gobierno |
| 650 #0 - ASIENTO SECUNDARIO DE MATERIA - TERMINO TEMATICO | |
| 9 (RLIN) | 39020 |
| Término temático o nombre geográfico como elemento de entrada | Comunidades indígenas |
| Subdivisión general | Costumbres |
| 700 ## - ASIENTO SECUNDARIO - NOMBRE PERSONAL | |
| 9 (RLIN) | 2284 |
| Nombre personal | Sánchez, Enrique. |
| 710 ## - ASIENTO SECUNDARIO - NOMBRE CORPORATIVO | |
| 9 (RLIN) | 102022 |
| Nombre corporativo o de jurisdicción como elemento de entrada | Departamento Nacional de Planeación |
| Unidad subordinada | Unidad Administrativa Especial de Desarrollo Territorial |
| 942 ## - ELEMENTOS ADICIONALES (KOHA) | |
| Sistema de clasificación | Dewey Decimal Classification |
| Tipo de ítem | Libro |
| Withdrawn status | Lost status | Sistema de Clasificación | Damaged status | No para préstamo | Colección | Ubicación Permanente | Ubicación actual | Fecha de adquisición | Total Checkouts | Número topográfico | Inventario / Código de Barras | Date last seen | Ejemplar | Price effective from | Forma de adquisición | Tipo de material |
|---|---|---|---|---|---|---|---|---|---|---|---|---|---|---|---|---|
| Dewey Decimal Classification | General | Bogotá | Bogotá | 22/11/2019 | LB-305.898 Ar14p | 043813 | 22/11/2019 | Ej.1 | 22/11/2019 | Canje | Libro |